Country Nicknames & Alternate Names: In-Depth - Statistics

General Stats
  • This quiz has been taken 24 times
  • The average score is 33 of 57
Answer Stats
Hint Answer % Correct
The Boot Italy
100%
Burma Myanmar
100%
The Land Down Under Australia
95%
The Emerald Isle Ireland
95%
The Holy Land Israel
95%
Holland Netherlands
95%
India's Teardrop Sri Lanka
95%
Siam Thailand
95%
America United States
95%
The Land of the Free United States
95%
'Nam Vietnam
95%
The Gift of the Nile Egypt
90%
The Land of the Rising Sun Japan
90%
Land of the Incas Peru
90%
The Great White North Canada
86%
Cradle of Ancient Civilization Iraq
86%
The Bear Russia
86%
The Horn of Africa Somalia
86%
The Graveyard of Empires Afghanistan
76%
Oz Australia
76%
The White Rus Belarus
76%
Cathay China
76%
The Land of the Magyars Hungary
76%
The Land of Fire and Ice Iceland
71%
The Bread Basket of Europe Ukraine
71%
The Home of the Brave United States
71%
The Hermit Kingdom North Korea
67%
The Lion City Singapore
67%
The Red Dragon China
62%
Gold Coast Ghana
62%
Helvetia Switzerland
62%
The Middle Kingdom China
57%
The Hexagon France
57%
Rainbow Nation South Africa
57%
Albion United Kingdom
52%
Land of a Thousand Lakes Finland
48%
The Land of the Golden Pagodas Myanmar
48%
The Emerald of the Equator Indonesia
38%
Land of the Long White Cloud New Zealand
38%
The Sunny Side of the Alps Slovenia
38%
The Land of Smiles Thailand
38%
The Land of Beauty and Music Austria
33%
The Pearl of the Orient Seas Philippines
33%
Land of the Thunder Dragon Bhutan
29%
The Roof of the World Tibet
29%
The Red Island Madagascar
24%
Land of the Eagles Albania
19%
The Kingdom in the Sky Lesotho
19%
The Island Surrounded by Land Paraguay
14%
Land of Poets Chile
10%
The Land of Blue Sky Mongolia
10%
Land of a Thousand Hills Rwanda
10%
Pindorama (Land of the Palms) Brazil
5%
Land of the Upright Men Burkina Faso
5%
The Land of Many Waters Guyana
5%
Land of the Morning Calm South Korea
5%
Land of Grace Venezuela
5%
No matching quizzes found
Score Distribution
Percent of People with Each Score
Percentile by Number Answered
Your Score History
You have not taken this quiz